000 00813nam a22001697a 4500
005 20260123085321.0
008 230718b ||||| |||| 00| 0 eng d
040 _cSSBUL
_dSSBUL
082 _223
_a၃၂၈.၅၉၁ ဒု ၁၆၁၀၄ (S-SAT)
245 0 0 _aဒုတိယအကြိမ် ပြည်သူ့လွှတ်တော် ပထမအစည်းအဝေး... /
260 _c၁၉၇၈။
300 _a၅၆၅ စာမျက်နှာ၊
_c၂၂ စင်တီ။
500 _aS-SAT: Dr. Prof Sai Aung Tun
650 _aမြန်မာနိုင်ငံ ပြည်သူ့လွှတ်တော်။
_928092
650 _aလွှတ်တော်အစည်းအဝေးများ
_zမြန်မာနိုင်ငံ။
_927844
942 _2ddc
_cBK1
999 _c27283
_d27283